Normal view
MARC view
- ELONKA, S.M, KOHAN, A.L
Entry Personal Name
001 - CONTROL NUMBER
- control field: 67597
003 - CONTROL NUMBER IDENTIFIER
- control field: NUST
005 - DATE AND TIME OF LATEST TRANSACTION
- control field: 20210628203844.0
008 - FIXED-LENGTH DATA ELEMENTS
- fixed length control field: 210628|| aca||aabn | a|a d
040 ## - CATALOGING SOURCE
- Original cataloging agency: NUST
- Transcribing agency: NUST
100 ## - HEADING--PERSONAL NAME
- Personal name: ELONKA, S.M, KOHAN, A.L
670 ## - SOURCE DATA FOUND
- Source citation: Work cat.: (NUST): ELONKA, S.M, KOHAN, A.L, STANDARD HEATING AND POWER BOILER PLANT QUESTION AND ANSWERS, 1984
